Spanish Verbs #1 - 1st pers. sing. pres. - Statistics

General Stats
  • This quiz has been taken 67 times
    63 since last reset
  • The average score is 33 of 50
Answer Stats
Infinitive yo % Correct
comer como
100%
hablar hablo
100%
vivir vivo
100%
ser soy
96%
estar estoy
92%
querer quiero
92%
jugar juego
88%
poder puedo
88%
ir voy
88%
hacer hago
83%
poner pongo
83%
tener tengo
83%
volver vuelvo
83%
dormir duermo
79%
saber
79%
almorzar almuerzo
75%
preferir prefiero
75%
salir salgo
75%
venir vengo
75%
ver veo
75%
conocer conozco
71%
encontrar encuentro
71%
entender entiendo
71%
cerrar cierro
67%
dar doy
67%
pensar pienso
67%
sentir siento
67%
contar cuento
63%
morir muero
63%
perder pierdo
63%
valer valgo
63%
decir digo
58%
empezar empiezo
58%
oír oigo
58%
traducir traduzco
54%
traer traigo
54%
conducir conduzco
50%
crecer crezco
50%
pedir pido
50%
repetir repito
50%
agradecer agradezco
46%
reír río
46%
seguir sigo
46%
caer caigo
42%
dirigir dirijo
42%
recoger recojo
42%
servir sirvo
42%
elegir elijo
38%
haber he
38%
proteger protejo
38%
No matching quizzes found
Score Distribution
Percent of People with Each Score
Percentile by Number Answered
Your Score History
You have not taken this quiz since the last reset